|
|
|
|
| LEADER |
00712nam a2200205Ia 4500 |
| 001 |
CTU_57146 |
| 008 |
210402s9999 xx 000 0 und d |
| 020 |
|
|
|b 29000
|
| 082 |
|
|
|a 808.6
|
| 082 |
|
|
|b Ph557
|
| 100 |
|
|
|a Nguyễn Văn Phước
|
| 245 |
|
0 |
|a Cẩm nang hướng dẫn viết sơ yếu lý lịch và thư xin việc :
|
| 245 |
|
0 |
|b 118 most practical and effective CV-resumes and application letters for job hunters
|
| 245 |
|
0 |
|c Nguyễn Văn Phước
|
| 260 |
|
|
|a Tp HCM
|
| 260 |
|
|
|b Trẻ
|
| 260 |
|
|
|c 2003
|
| 650 |
|
|
|a letter writing,technical correspondence,english language
|
| 650 |
|
|
|x writing
|
| 980 |
|
|
|a Trung tâm Học liệu Trường Đại học Cần Thơ
|